000 00507nam a2200181Ia 4500
008 230917s9999||||xx |||||||||||||| ||und||
020 _cUSD54.95
040 _e246850
_aMAIN
041 _aEnglish
082 _a616.890092 M635E(2)
100 _aMilne, Derek L
245 0 _aEvidence-based CBT supervision: Principles and practice
250 _a2nd ed.
260 _aHoboken
_bJohn Wiley
_c2018
300 _axiv, 340 p.
500 _a3096 03/05/2018 APD18/1075971 07/05/2018 Main Budget
942 _cBK
999 _c26601
_d26601